Mersey Docks and Harbour Co v Merseyside Development Corporation (Record no. 4697)
[ view plain ]
| 000 -LEADER | |
|---|---|
| fixed length control field | 01633cab a2200193 4500 |
| 001 - CONTROL NUMBER | |
| control field | ABS37940 |
| 008 - FIXED-LENGTH DATA ELEMENTS--GENERAL INFORMATION | |
| fixed length control field | 090401t1987 xxu||||| |||| 00| 0 eng d |
| 035 ## - SYSTEM CONTROL NUMBER | |
| System control number | (Sirsi) u7719 |
| 041 ## - LANGUAGE CODE | |
| Language code of text/sound track or separate title | eng |
| 245 ## - TITLE STATEMENT | |
| Title | Mersey Docks and Harbour Co v Merseyside Development Corporation |
| 260 ## - PUBLICATION, DISTRIBUTION, ETC. | |
| Date of publication, distribution, etc. | 1987 |
| 350 ## - PRICE (NR) (BK AM CF MU VM SE) [OBSOLETE] | |
| Price | 0 |
| 490 ## - SERIES STATEMENT | |
| Series statement | Rating & Valuation Reporter |
| Volume/sequential designation | 27(5) June 1987, 97-120(24) |
| 520 ## - SUMMARY, ETC. | |
| Summary, etc. | LT 20 March 1987. Compensation claim by plaintiff(P) for docklands and buildings in Liverpool on their transfer to the Merseyside Development Corporation (MDC). The dispute arose over the correct price payable for the South Docks. During 1978/79 negotiations between P and Merseyside CC resulted in a tentative agreement, known as Version 4, for the grant by P of a 150-year lease with option to purchase after 1 January 1995. The MDC was established in 1981 to regenerate the dock areas. Negotiations lapsed. In his primary valuation P`s surveyor assumed that if there had been no compulsory acquisition the vendor would have been P and would have granted a lease to the county council in the terms of Version 4 in November 1980, and the hypothetical purchaser would have bid for the reversion in July 1981; he arrived at a valuation of 3.15m. His alternative valuation of 2.82m was based on the fact that the Version 4 lease was not entered into and that the hypothetical purchaser was a speculat |
| 650 ## - SUBJECT ADDED ENTRY--TOPICAL TERM | |
| Topical term or geographic name entry element | POINTE GOURDE QUARRYING AND TRANSPORT CO LTD V CROWN LANDS SUPERINTENDENT |
| 690 ## - LOCAL SUBJECT ADDED ENTRY--TOPICAL TERM (OCLC, RLIN) | |
| Topical term or geographic name as entry element | ENVIRONMENTAL AND LAND CONSULTANCY-PLANNING AND DEVELOPMENT-COMPULSORY PURCHASE AND COMPENSATION |
| 942 ## - ADDED ENTRY ELEMENTS (KOHA) | |
| Suppress in OPAC | 0 |
| 948 ## - LOCAL PROCESSING INFORMATION (OCLC); SERIES PART DESIGNATOR (RLIN) | |
| c (OCLC) | 04/03/1997 |
| Withdrawn status | Lost status | Source of classification or shelving scheme | Damaged status | Not for loan | Home library | Current library | Shelving location | Date acquired | Total Checkouts | Full call number | Barcode | Date last seen | Copy number | Price effective from | Koha item type |
|---|---|---|---|---|---|---|---|---|---|---|---|---|---|---|---|
| Dewey Decimal Classification | London | London | Journal article | 14/09/1999 | ABS37940 | 7719-1001 | 06/08/2019 | 1 | 06/08/2019 | Law report |